000 01067cam a2200361Mi 4500
001 59210
005 20230410143339.0
008 080211s2008 sp 000 0 spa d
035 _a(OCoLC)ocn192012233
040 _aC3L
_cC3L
_dPL#
020 _a9788408077718
020 _a8408077716
029 0 _aC3L
_b60642919
029 1 _aPL#
_b080006314
035 _a(OCoLC)192012233
043 _ae-po---
_ae-sp---
045 _ax4x-
082 1 4 _a946
_221
049 _aGRAL
050 1 4 _aS211t 2008
100 1 _aSanchez-Teran, Salvador,
_d1934-
245 1 0 _aLa Transicion :
_bsintesis y claves /
_cSalvador Sanchez-Teran.
260 _aBarcelona :
_bPlaneta,
_c2008.
300 _a266 p.
440 0 _aEspaƱa Escrita
500 _aS. Sanchez-Teran, Spanish politician.
938 _aCasalini Libri
_bCASA
_n60642919
_c23.00 EUR
938 _aPuvill Libros
_bPUVL
_n9788408077718
_c$43.14
856 4 2 _3Mas?... busque en WorldCat (solo desde FUNGLODE)
_uwww.firstsearch.oclc.org/fsip
942 _2lcc
_cbk
946 _amfcruz
994 _aC0
_bDRFGD
999 _c100011
_d100011